Bean and Lockwood`s rating valuation practice. First supplement to the seventh edition, up to date to February 29, 1988 (Record no. 89445)

MARC details
000 -LEADER
fixed length control field 00664cam a2200217 4500
008 - FIXED-LENGTH DATA ELEMENTS--GENERAL INFORMATION
fixed length control field 090401t1988 xxu||||| |||| 00| 0 eng d
020 ## - INTERNATIONAL STANDARD BOOK NUMBER
International Standard Book Number 0420480404
035 ## - SYSTEM CONTROL NUMBER
System control number (Sirsi) u29605
041 ## - LANGUAGE CODE
Language code of text/sound track or separate title eng
050 ## - LIBRARY OF CONGRESS CALL NUMBER
Classification number 336.21
100 ## - MAIN ENTRY--PERSONAL NAME
Personal name Bean, Philip Rimmington
245 ## - TITLE STATEMENT
Title Bean and Lockwood`s rating valuation practice. First supplement to the seventh edition, up to date to February 29, 1988
260 ## - PUBLICATION, DISTRIBUTION, ETC.
Place of publication, distribution, etc. London
Name of publisher, distributor, etc. Stevens
Date of publication, distribution, etc. 1988
300 ## - PHYSICAL DESCRIPTION
Extent 34p. ; 25cm.
350 ## - PRICE (NR) (BK AM CF MU VM SE) [OBSOLETE]
Price 35
520 ## - SUMMARY, ETC.
Summary, etc. Supplement by Bassett,John C. ; Mackmin,David H. Thomas,William .
650 ## - SUBJECT ADDED ENTRY--TOPICAL TERM
Topical term or geographic name entry element RATES AND RATING
700 ## - ADDED ENTRY--PERSONAL NAME
Personal name Lockwood, Arthur
942 ## - ADDED ENTRY ELEMENTS (KOHA)
Suppress in OPAC 0
948 ## - LOCAL PROCESSING INFORMATION (OCLC); SERIES PART DESIGNATOR (RLIN)
c (OCLC) 04/03/1997
Holdings
Withdrawn status Lost status Source of classification or shelving scheme Damaged status Not for loan Home library Current library Shelving location Date acquired Cost, normal purchase price Total Checkouts Full call number Barcode Date last seen Date last checked out Copy number Cost, replacement price Price effective from Koha item type
    Dewey Decimal Classification     London London Books 14/09/1999 35.00 2 336.21 30003095 06/08/2019 07/04/2004 1 35.00 06/08/2019 Book
    Dewey Decimal Classification     London London Books 14/09/1999 35.00   336.21 30024133 06/08/2019   2 35.00 06/08/2019 Book